A-Z Geography: containing "bin" - Statistics

General Stats
  • This quiz has been taken 8 times
  • The average score is 5 of 26
Answer Stats
Clue Place % Correct
C Russian city of much hell, which you can rhyme with Belarus's capital, famous for its 2013 meteor Chelyabinsk
88%
H Car parts found in Chinese ice city Harbin
75%
U Italian town where I hear about your Dennis the Menace comic Urbino
38%
A Rubbish container put with gravity and weight into Philadelphia township Abington
25%
B Pork eaten by singer Crosby, parking in town of New York state Binghampton
25%
R Lady from a Simon & G. song hears birds on location in Pennsylvania and Texas Robinson
25%
E A last word on Japanese town Ebina
25%
M Burmese town where gold has been discovered Maubin
25%
X I am found in a river of China Xibin
25%
Y Sichuan town with a population of 1 Yibin
25%
L Large Chinese city the French have entered Laibin
13%
F A downpour's a normal part of Lazio town, with a little extra Fara in Sabina
13%
K City of D.R. Congo where front falls off Russian car Kabinda
13%
O Bavarian town where the first girl is the last Obing
13%
S In Vienna, no end to Scottish mountain where software runs backwards Stob Binnein
13%
T First person in Quebec is the last in Bosnian town with the same beginnings as a tree Trebinje
13%
V Latvian village where I am distributed evenly Vībiņi
13%
D Initially in an old bin, George I calls for silence at Mexican resort where the leader has departed for Chinese destination Diaobingshancun
0%
N Danish town in which an yttrium-potassium-oxygen centre is located; gravity is added, and length, in a quicker annexe Nykobing Falster
0%
G Russian river in the distance, bordering on Georgia; it's castle hour in India Gobindgarh
0%
I One tough situation for hundreds from Bavarian hamlet Ibind
0%
J Ladder climber in a Brazilian town Jacobina
0%
P Lead to Tuscan town, but gain nothing in the end Piombino
0%
Q Bauble split in two and thrown back into artificial lake in Massachusetts Quabbin Reservoir
0%
W Georgian city where brothers meet garden birds Warner Robins
0%
Z In Panama, the disappearance from a friendly greeting leaves us with a town centre in Belarus Zhlobin
0%
No matching quizzes found
Score Distribution
Percent of People with Each Score
Percentile by Number Answered
Your Score History
You have not taken this quiz